Stamp Duty Land Tax (Amendment of Schedule 4 to the Finance Act 2003) Regulations 2003 (Record no. 103301)

MARC details
000 -LEADER
fixed length control field 01061cad a22002535a 4500
001 - CONTROL NUMBER
control field L124868
008 - FIXED-LENGTH DATA ELEMENTS--GENERAL INFORMATION
fixed length control field 031217s2003 xxk l f000 0 eng u
020 ## - INTERNATIONAL STANDARD BOOK NUMBER
International Standard Book Number 0110483685
035 ## - SYSTEM CONTROL NUMBER
System control number (Sirsi) u124868
041 ## - LANGUAGE CODE
Language code of text/sound track or separate title eng
245 00 - TITLE STATEMENT
Title Stamp Duty Land Tax (Amendment of Schedule 4 to the Finance Act 2003) Regulations 2003
Medium [electronic resource]
260 ## - PUBLICATION, DISTRIBUTION, ETC.
Place of publication, distribution, etc. London
Name of publisher, distributor, etc. HMSO
Date of publication, distribution, etc. 2003
490 ## - SERIES STATEMENT
Series statement SI
Volume/sequential designation 2003: 3293
520 ## - SUMMARY, ETC.
Summary, etc. Came into force on 19 December 2003. This statutory instrument amends the Finance Act 2003 Sched 4 relating to the treatment of land transactions forming part of a PFI project. The Regulations apply to qualifying transactions. View at www.legislation.hmso.gov.uk/si.
650 ## - SUBJECT ADDED ENTRY--TOPICAL TERM
Topical term or geographic name entry element STAMP DUTY
650 ## - SUBJECT ADDED ENTRY--TOPICAL TERM
Topical term or geographic name entry element STAMP DUTY LAND TAX
650 ## - SUBJECT ADDED ENTRY--TOPICAL TERM
Topical term or geographic name entry element PROPERTY DEALS
650 ## - SUBJECT ADDED ENTRY--TOPICAL TERM
Topical term or geographic name entry element PFI
650 ## - SUBJECT ADDED ENTRY--TOPICAL TERM
Topical term or geographic name entry element FINANCE ACT 2003 SCHED 4
650 ## - SUBJECT ADDED ENTRY--TOPICAL TERM
Topical term or geographic name entry element INLAND REVENUE
690 ## - LOCAL SUBJECT ADDED ENTRY--TOPICAL TERM (OCLC, RLIN)
Topical term or geographic name as entry element TAXATION
856 ## - ELECTRONIC LOCATION AND ACCESS
Uniform Resource Identifier <a href="https://www.legislation.gov.uk/uksi/2003/3293/contents/made">https://www.legislation.gov.uk/uksi/2003/3293/contents/made</a>
Public note View the statutory instrument free of charge at www.legislation.gov.uk
942 ## - ADDED ENTRY ELEMENTS (KOHA)
Suppress in OPAC 0
Holdings
Withdrawn status Lost status Source of classification or shelving scheme Damaged status Not for loan Home library Current library Shelving location Date acquired Total Checkouts Full call number Barcode Date last seen Copy number Price effective from Koha item type
    Dewey Decimal Classification     Virtual Virtual Online 19/01/2004   ONLINE PUBLICATION 124868-2001 06/08/2019 1 06/08/2019 Book